Online katalóg knižníc regiónu Turca

Paternoster (Record no. 22666)

MARC details
000 -LEADER
fixed length control field 00876cam a2200313 a 4500
001 - CONTROL NUMBER
control field 22666
003 - CONTROL NUMBER IDENTIFIER
control field SK-KTurca
005 - DATE AND TIME OF LATEST TRANSACTION
control field 20260415141920.0
008 - FIXED-LENGTH DATA ELEMENTS--GENERAL INFORMATION
fixed length control field 240315s1991 xo g 0000j slo
015 ## - NATIONAL BIBLIOGRAPHY NUMBER
National bibliography number SNBA1992/03
020 ## - INTERNATIONAL STANDARD BOOK NUMBER
International Standard Book Number 8006003882
035 ## - SYSTEM CONTROL NUMBER
System control number SNK000010147
040 ## - CATALOGING SOURCE
Original cataloging agency SNK
Language of cataloging slo
Transcribing agency SNK
Description conventions AACR2
041 0# - LANGUAGE CODE
Language code of text/sound track or separate title slo
044 ## - COUNTRY OF PUBLISHING/PRODUCING ENTITY CODE
MARC country code xo
ISO country code SK
080 ## - UNIVERSAL DECIMAL CLASSIFICATION NUMBER
Universal Decimal Classification number 885.4-3
Edition identifier 1981
100 1# - MAIN ENTRY--PERSONAL NAME
Personal name Filan, Boris,
Dates associated with a name 1949-
Relationship aut
245 0# - TITLE STATEMENT
Title Paternoster
Remainder of title príbehy o hudbe, láske a basketbale
Statement of responsibility, etc. Boris Filan
250 ## - EDITION STATEMENT
Edition statement 1. vyd.
260 ## - PUBLICATION, DISTRIBUTION, ETC.
Place of publication, distribution, etc. Bratislava
Name of publisher, distributor, etc. Mladé letá
Date of publication, distribution, etc. 1991
Place of manufacture Bratislava
Manufacturer Svornosť
300 ## - PHYSICAL DESCRIPTION
Extent 128 s.
Dimensions 20 cm
490 1# - SERIES STATEMENT
Series statement EDO
655 #7 - INDEX TERM--GENRE/FORM
Genre/form data or focus term slovenské príbehy
Source of term SNKPH
700 1# - ADDED ENTRY--PERSONAL NAME
Personal name Popovič, Vladimír,
Dates associated with a name 1939-2025
Relationship ill
830 #0 - SERIES ADDED ENTRY--UNIFORM TITLE
Uniform title EDO
942 ## - ADDED ENTRY ELEMENTS (KOHA)
Source of classification or shelving scheme Dewey Decimal Classification
Koha item type Krásna literatúra pre dospelých
Suppress in OPAC No
Holdings
Stav vyradenia Strata Poškodenie Spôsob nadobudnutia Domovská knižnica Aktuálna knižnica Dátum nadobudnutia Total checkouts Čiarový kód exemplára Date last seen Typ exemplára
      Dar Obecná knižnica Horná Štubňa Obecná knižnica Horná Štubňa 15.04.2026   4736202217 15.04.2026 Krásna literatúra pre dospelých
Projekt je podporený Slovenskou asociáciou knižníc
Prevádzkuje Turčianska knižnica Martin 2026